[Event "Janske Lazne op"]
[Site "Janske Lazne"]
[Date "2013.05.11"]
[Round "7"]
[White "Laloucek, Miroslav"]
[Black "Gorba, Tomas"]
[Result "1/2-1/2"]
[WhiteElo "1851"]
[BlackElo "1775"]
[PlyCount "22"]
[EventDate "2013.05.07"]
[EventType "swiss"]
[EventRounds "8"]
[EventCountry "CZE"]
[SourceTitle "CBM 154 Extra"]
[Source "ChessBase"]
[SourceDate "2013.06.25"]
[SourceVersion "2"]
[SourceVersionDate "2013.06.25"]
[SourceQuality "1"]

1. f4 d5 2. Nf3 g6 3. e3 Bg7 4. d4 Nf6 5. Nbd2 c5 6. c3 0-0 7. Bd3 cxd4 8. exd4 Bf5 9. Bxf5 gxf5 10. Ne5 e6 11. 0-0 Nbd7 1/2-1/2

[Event "Janske Lazne op"]
[Site "Janske Lazne"]
[Date "2013.05.09"]
[Round "4"]
[White "Pychova, Nela"]
[Black "Gorba, Tomas"]
[Result "1-0"]
[WhiteElo "1884"]
[BlackElo "1775"]
[PlyCount "155"]
[EventDate "2013.05.07"]
[EventType "swiss"]
[EventRounds "8"]
[EventCountry "CZE"]
[SourceTitle "CBM 154 Extra"]
[Source "ChessBase"]
[SourceDate "2013.06.25"]
[SourceVersion "2"]
[SourceVersionDate "2013.06.25"]
[SourceQuality "1"]

1. e4 e5 2. Nc3 Nf6 3. Bc4 Nc6 4. d3 d6 5. Bg5 Be7 6. Bxf6 Bxf6 7. Nd5 Be6 8. Ne2 Na5 9. Nxf6+ Qxf6 10. Bd5 Nc6 11. 0-0 g5 12. Bxc6+ bxc6 13. d4 Bg4 14. f3 Bh5 15. Qd3 0-0 16. Qc4 exd4 17. Qxc6 d3 18. Ng3 Bg6 19. c3 Rab8 20. b4 h5 21. Rfd1 Qe7 22. Rxd3 h4 23. Nf1 f5 24. exf5 Bxf5 25. Re3 Qd7 26. Qxd7 Bxd7 27. Re7 Rf7 28. Rae1 Kf8 29. Rxf7+ Kxf7 30. Kf2 a5 31. a3 axb4 32. axb4 Ra8 33. Ne3 Be6 34. Re2 Ra1 35. g3 hxg3+ 36. hxg3 Kf6 37. f4 gxf4 38. gxf4 Rc1 39. Rc2 Rb1 40. Ke2 Rh1 41. Kd3 Rh3 42. Ke4 c6 43. c4 Rh1 44. Kd3 Rh3 45. Re2 Rh1 46. Kc3 Rb1 47. Rd2 Re1 48. Nc2 Re4 49. Rxd6 Rxc4+ 50. Kd3 Rxf4 51. Nd4 Kf7 52. Rxc6 Bh3 53. Ke3 Rf1 54. b5 Rb1 55. b6 Bg2 56. Rd6 Rb2 57. Kd3 Rb1 58. Kc3 Ke7 59. Nf5+ Kf7 60. Kc4 Be4 61. Nd4 Bg2 62. Kc5 Bh1 63. Rh6 Be4 64. Rd6 Bh1 65. Rh6 Be4 66. Nc6 Bg2 67. Rh7+ Ke6 68. Re7+ Kf6 69. Rc7 Rc1+ 70. Kb5 Rb1+ 71. Ka6 Ra1+ 72. Kb7 Rb1 73. Ka7 Ra1+ 74. Kb8 Rb1 75. b7 Bf1 76. Ka7 Ra1+ 77. Kb6 Rb1+ 78. Kc5 1-0

[Event "Janske Lazne op"]
[Site "Janske Lazne"]
[Date "2013.05.07"]
[Round "1"]
[White "Gorba, Tomas"]
[Black "Sedivy, Martin"]
[Result "1/2-1/2"]
[WhiteElo "1775"]
[BlackElo "1989"]
[PlyCount "95"]
[EventDate "2013.05.07"]
[EventType "swiss"]
[EventRounds "8"]
[EventCountry "CZE"]
[SourceTitle "CBM 154 Extra"]
[Source "ChessBase"]
[SourceDate "2013.06.25"]
[SourceVersion "2"]
[SourceVersionDate "2013.06.25"]
[SourceQuality "1"]

1. e4 Nf6 2. e5 Nd5 3. d4 d6 4. c4 Nb6 5. exd6 cxd6 6. Nf3 g6 7. Be3 Bg4 8. h3 Bxf3 9. Qxf3 Nc6 10. Na3 Bg7 11. Nc2 0-0 12. Bd3 e5 13. d5 Ne7 14. 0-0 Rc8 15. Qe2 f5 16. f3 Qc7 17. Na3 a6 18. Rac1 Nd7 19. Nb1 Nc5 20. b4 Nxd3 21. Qxd3 f4 22. Bf2 Qd7 23. Nd2 b5 24. c5 dxc5 25. Bxc5 Rfd8 26. d6 Nf5 27. Ne4 Kh8 28. Bb6 Re8 29. Rc7 Rxc7 30. Bxc7 Rc8 31. Nc5 Qc6 32. d7 Qxc7 33. dxc8Q+ Qxc8 34. Qd7 Qxd7 35. Nxd7 Nd4 36. Nc5 Nc2 37. Nxa6 Bf8 38. Rc1 Nxb4 39. Rc8 Nxa6 40. Rxf8+ Kg7 41. Ra8 Nb4 42. Ra5 Kf6 43. Rxb5 Nxa2 44. Kf2 Nc3 45. Rc5 Nd1+ 46. Ke2 Ne3 47. g3 Nf5 48. g4 1/2-1/2